| 000 | 00361nam a2200145 a 4500 | ||
|---|---|---|---|
| 001 | 1733 | ||
| 003 | CDMR | ||
| 005 | 20130116135214.0 | ||
| 008 | 130130s1973||||||||||||||||||||||||||||d | ||
| 040 |
_aCDMR _bcat _cCDMR |
||
| 100 | 1 |
_aAgee, Warren Kendall _91293 |
|
| 245 | 1 | 0 | _aIntroduction to Mass Communications |
| 260 |
_aNew York _c1973 _bHarper & Row |
||
| 942 | _cMON | ||
| 999 |
_c1733 _d1733 |
||